The book of investing wisdom : (Record no. 1750)
[ view plain ]
| 000 -LEADER | |
|---|---|
| fixed length control field | 00618cam a2200181 4500 |
| 001 - CONTROL NUMBER | |
| control field | 2211 |
| 005 - DATE AND TIME OF LATEST TRANSACTION | |
| control field | 20181127164742.0 |
| 008 - FIXED-LENGTH DATA ELEMENTS--GENERAL INFORMATION | |
| fixed length control field | 981123s1999 nyu b 001 0 eng |
| 010 ## - LIBRARY OF CONGRESS CONTROL NUMBER | |
| LC control number | 98054153 |
| 020 ## - INTERNATIONAL STANDARD BOOK NUMBER | |
| International Standard Book Number | 0471294543 (cloth : alk. paper) |
| 245 04 - TITLE STATEMENT | |
| Title | The book of investing wisdom : |
| Remainder of title | classic writings by great stock-pickers and legends of Wall Street / |
| Statement of responsibility, etc. | edited by Peter Krass. |
| 260 ## - PUBLICATION, DISTRIBUTION, ETC. | |
| Place of publication, distribution, etc. | New York : |
| Name of publisher, distributor, etc. | Wiley, |
| Date of publication, distribution, etc. | 1999. |
| 300 ## - PHYSICAL DESCRIPTION | |
| Extent | xiv, 498 p. ; |
| Dimensions | 24 cm. |
| 504 ## - BIBLIOGRAPHY, ETC. NOTE | |
| Bibliography, etc. note | Includes bibliographical references (p. 487-490) and index. |
| 650 #0 - SUBJECT ADDED ENTRY--TOPICAL TERM | |
| Topical term or geographic name entry element | Investment analysis. |
| Topical term or geographic name entry element | Securities. |
| 700 1# - ADDED ENTRY--PERSONAL NAME | |
| Personal name | Krass, Peter. |
| Withdrawn status | Lost status | Source of classification or shelving scheme | Damaged status | Not for loan | Collection code | Home library | Current library | Shelving location | Serial Enumeration / chronology | Inventory number | Total Checkouts | Full call number | Barcode | Date last seen | Date last checked out | Price effective from | Koha item type |
|---|---|---|---|---|---|---|---|---|---|---|---|---|---|---|---|---|---|
| Dewey Decimal Classification | Main TEST | RTC Library | RTC Library | Main opac | 534 | 1 | 332.6 KRA | 30001714 | 25/06/2019 | 09/06/2019 | 27/11/2018 | Main |